00374nam a22001457a 450000500170000001000150001702000260003203500140005803700130007208200140008524500520009926000400015127000140019130000230020520220831153255.0 aENG-134829 c550.00a9788194964094 aEN-118361 bDBAD/PUB a370.95411 aRich past vibrant future:buniversity of jammu/ aNew delhibVitasta publishingc2021 bNew delhi a236 p.c23cm (hbk)